000 01312nam a2200325 a 4500
001 ebr10120616
003 CaPaEBR
006 m u
007 cr cn|||||||||
008 050406s2005 enka sb 011 0 eng
010 _z 2005009669
020 _z1853598496 (hbk : alk. paper)
020 _z185359850X (electronic)
040 _aCaPaEBR
_cCaPaEBR
035 _a(OCoLC)560034489
050 1 4 _aP129
_b.D57 2005eb
082 0 4 _a418
_222
245 0 0 _aDirections in applied linguistics
_h[electronic resource] :
_bessays in honor of Robert B. Kaplan /
_cedited by Paul Bruthiaux ... [et al.].
260 _aClevedon ;
_aBuffalo :
_bMultilingual Matters Ltd.,
_cc2005.
300 _axiii, 327 p. :
_bill.
490 0 _aMultilingual matters ;
_v133
504 _aIncludes bibliographical references (p. 279-309) and index.
533 _aElectronic reproduction.
_bPalo Alto, Calif. :
_cebrary,
_d2013.
_nAvailable via World Wide Web.
_nAccess may be limited to ebrary affiliated libraries.
650 0 _aApplied linguistics.
655 7 _aElectronic books.
_2local
700 1 _aKaplan, Robert B.
700 1 _aBruthiaux, Paul.
710 2 _aebrary, Inc.
856 4 0 _uhttp://site.ebrary.com/lib/rucke/Doc?id=10120616
_zAn electronic book accessible through the World Wide Web; click to view
999 _c111611
_d111611